Tập bài giảng lý luận về nhà nước

Nội dung sách giới thiệu các vấn đề lý luận về nhà nước như: nguồn gốc, bản chất của nhà nước, nhà nước trong hệ thống chính trị, nhà nước xã hội chủ nghãi, những vấn đề cơ bản về nhà nước pháp quyền....

全面介紹

Đã lưu trong:
書目詳細資料
主要作者: Vũ, Thị Bích Hường
格式: 圖書
語言:Undetermined
出版: Tp.Hồ Chí Minh Hồng đức 2013
主題:
標簽: 添加標簽
沒有標簽, 成為第一個標記此記錄!
Thư viện lưu trữ: Trung tâm Học liệu Trường Đại học Cần Thơ
LEADER 01004nam a2200205Ia 4500
001 CTU_192810
008 210402s9999 xx 000 0 und d
020 |c 35000 
082 |a 342.597 
082 |b H561 
100 |a Vũ, Thị Bích Hường 
245 0 |a Tập bài giảng lý luận về nhà nước 
245 0 |c Vũ Thị Bích Hường, Hà Đăng Quảng chủ biên 
260 |a Tp.Hồ Chí Minh 
260 |b Hồng đức 
260 |c 2013 
520 |a Nội dung sách giới thiệu các vấn đề lý luận về nhà nước như: nguồn gốc, bản chất của nhà nước, nhà nước trong hệ thống chính trị, nhà nước xã hội chủ nghãi, những vấn đề cơ bản về nhà nước pháp quyền. 
650 |a Constitutions, state,Nhà nước, hiến pháp 
904 |i Tuyến 
980 |a Trung tâm Học liệu Trường Đại học Cần Thơ